• 首页
  • 本馆介绍
  • 公告通知
  • 最新文献
  • 馆藏检索
  • 电子资源
  • 读者导购
  • 参考咨询
  • 我的图书馆
  • 登录
  • 详细信息显示
  • 放入我的书架
  • 预约/预借图书
  • 作者相关作品
  • 分类相关作品
  • 丛书相关作品
  • 出版社相关作品

书目信息

  • 表格格式
  • 工作单格式
  • 卡片格式
题名:
室内装饰材料与施工工艺
    
 
作者: 蒋粤闽 , 蒙敏 , 刘国松 主编
分册:  
出版信息: 沈阳   东北大学出版社  2017.2
页数: 201页
开本: 29cm
丛书名:
单 册:
中图分类: TU56
科图分类:
主题词: 室内装饰--建筑材料--装饰材料 , 室内装饰--工程施工
电子资源:
ISBN: 978-7-5517-1547-8
000 01112nam0 2200289 450
001 0400004217
005 20171023155716.0
010    @a978-7-5517-1547-8@dCNY58.00
100    @a20170905d2017 em y0chiy50 ea
101 0  @achi
102    @aCN@b210000
105    @aak z 000yy
106    @ar
200 1  @a室内装饰材料与施工工艺@9shi nei zhuang shi cai liao yu shi gong gong yi@f蒋粤闽,蒙敏,刘国松主编
210    @a沈阳@c东北大学出版社@d2017.2
215    @a201页@c彩图,图表@d29cm
300    @a21世纪应用型人才培养“十三五”规划教材 校企合作优秀教材 精品课程配套教材
330    @a本书大量采用了实物图,力求能够全面、系统地介绍装饰材料从选材到施工的详细内容,紧跟装饰材料的发展趋势及先进的施工工艺,使其实用性较强并易于理解。
510 1  @aInterior decoration materials and construction technolog@zeng
606 0  @a室内装饰@x建筑材料@x装饰材料
606 0  @a室内装饰@x工程施工
690    @aTU56@v5
701  0 @a蒋粤闽@9jiang yue min@f(1981-)@4主编
701  0 @a蒙敏@9meng min@4主编
701  0 @a刘国松@9liu guo song@4主编
801  0 @aCN@b91MARC@c20171023
905    @b1037325-9@dTU56@f5@e1291
    
    室内装饰材料与施工工艺/蒋粤闽,蒙敏,刘国松主编.-沈阳:东北大学出版社,2017.2
    201页:彩图,图表;29cm
    21世纪应用型人才培养“十三五”规划教材 校企合作优秀教材 精品课程配套教材
    
    ISBN 978-7-5517-1547-8:CNY58.00
    本书大量采用了实物图,力求能够全面、系统地介绍装饰材料从选材到施工的详细内容,紧跟装饰材料的发展趋势及先进的施工工艺,使其实用性较强并易于理解。
●
相关链接 在E读中查询图书 在五车中查询图书 在当当中查询图书 在豆瓣中查询图书


正题名:室内装饰材料与施工工艺     索取号:TU56/1291         预约/预借

序号 登录号 条形码 馆藏地/架位号 状态 备注
1 1037325   210373255   第二样本阅览室/ [索取号:TU56/1291] 在馆    
2 1037326   210373264   密集书库-生命科学系/ [索取号:TU56/1291] 在馆    
3 1037327   210373273   第三借阅区/ [索取号:TU56/1291] 在馆    
4 1037328   210373282   第三借阅区/ [索取号:TU56/1291] 在馆    
5 1037329   210373291   第三借阅区/ [索取号:TU56/1291] 在馆    
唐山师范学院图书馆 欢迎您!
大连网信软件有限公司© 版权所有